| 000 -LEADER |
| fixed length control field |
00709nam a22002057a 4500 |
| 005 - DATE AND TIME OF LATEST TRANSACTION |
| control field |
20250711141338.0 |
| 008 - FIXED-LENGTH DATA ELEMENTS--GENERAL INFORMATION |
| fixed length control field |
250711s2024 en ||||| |||| 00| 0 eng d |
| 020 ## - INTERNATIONAL STANDARD BOOK NUMBER |
| International Standard Book Number |
9781782607687 X |
| 041 ## - LANGUAGE CODE |
| Language code of text/sound track or separate title |
eng |
| 080 ## - UNIVERSAL DECIMAL CLASSIFICATION NUMBER |
| Universal Decimal Classification number |
811.111.1 M-79 |
| 100 ## - MAIN ENTRY--PERSONAL NAME |
| Personal name |
Mol, Hans |
| 9 (RLIN) |
25639 |
| 245 ## - TITLE STATEMENT |
| Title |
English for Tourism Hospitality in Higher Education Studies |
| Remainder of title |
Course Book / |
| Statement of responsibility, etc. |
Hans Mol and Edward Alden |
| 250 ## - EDITION STATEMENT |
| Edition statement |
2nd Edition |
| 264 ## - PRODUCTION, PUBLICATION, DISTRIBUTION, MANUFACTURE, AND COPYRIGHT NOTICE |
| Place of production, publication, distribution, manufacture |
Lomdon: |
| Name of producer, publisher, distributor, manufacturer |
Garnet, |
| Date of production, publication, distribution, manufacture, or copyright notice |
2024. |
| 300 ## - PHYSICAL DESCRIPTION |
| Extent |
159 p.: |
| Other physical details |
ill; |
| Dimensions |
29 cm. |
| 653 ## - INDEX TERM--UNCONTROLLED |
| keyword |
English for Tourism ospitality in Higher Education Studies |
| 653 ## - INDEX TERM--UNCONTROLLED |
| keyword |
ინგლისური ენა ტურიზმისთვის |
| 700 ## - ADDED ENTRY--PERSONAL NAME |
| Personal name |
Alden, Edward |
| 9 (RLIN) |
25640 |
| 942 ## - ADDED ENTRY ELEMENTS (KOHA) |
| Source of classification or shelving scheme |
|
| Koha item type |
წიგნი |